| 000 | 00695nam a22002177a 4500 | ||
|---|---|---|---|
| 999 |
_c1843 _d1843 |
||
| 003 | AR-CdUCM | ||
| 008 | 190228b ||||| |||| 00| 0 spa d | ||
| 040 |
_aMUNICIPALIDAD PROVINCIAL DEL CUSCO _cBIBLIOTECA MUNICIPAL DEL CUSCO |
||
| 082 |
_a869.56 / _bH51 |
||
| 100 |
_aHidalgo, Alberto _95809 |
||
| 245 |
_aBiografia de Yomismo / _cHidalgo, Alberto |
||
| 260 |
_aLIma : _bJuan Mejia Baca, _c1961. |
||
| 300 |
_a56 paginas ; _c24cm. |
||
| 505 | _aGarcilaso -- Túpac Amaru -- Mariátegui -- Yomismo. | ||
| 650 |
_aPoesias Peruanas _92190 |
||
| 650 |
_aSiglo XX _98 |
||
| 700 |
_aHidalgo, Alberto _95809 |
||
| 700 |
_aMejia Baca, Juan _96753 |
||
| 942 |
_2ddc _cLIBROS |
||
| 945 |
_apjha _d2019-02-28 |
||